| 000 | 00640nam a2200193Ia 4500 | ||
|---|---|---|---|
| 999 |
_c2799 _d2799 |
||
| 003 | GBCCL | ||
| 005 | 20241126110440.0 | ||
| 008 | 170921b xxu||||| |||| 00| 0 eng d | ||
| 040 | _cgbc | ||
| 082 |
_a269.2 _bNGU |
||
| 100 |
_aNgul khanpau , Jamang _95895 |
||
| 245 |
_aZomi in diaspora : _bfor world evangelism |
||
| 260 |
_aSiliguri : _bJamang Ngul Khan Pau, _c2012. |
||
| 300 |
_ax, 160 pages ; _b maps ; 28 cm _c22 cm [viii], 247 leaves : |
||
| 650 |
_aKuki Chin (South Asian people) _95265 |
||
| 650 |
_aKuki Chin (South Asian people) -- Missions. _913367 |
||
| 650 |
_aChristianity and culture -- India. _912534 |
||
| 942 |
_2ddc _cBK _01 |
||